000 00316nam a22001337a 4500
008 170911b xxu||||| |||| 00| 0 eng d
020 _a9781741047844
041 _aeng
080 _a91
100 _a42
101 _aGJEO
245 _aTHE LONELY PLANET GUIDE TO THE MIDDLE OF NO WHERE
_cBLAKE,M
942 _2udc
_cBK
999 _c26940
_d26940